[Event "Fouesnant op 09th"]
[Site "Fouesnant"]
[Date "2003.10.29"]
[Round "7"]
[White "Tripoteau, Lucie"]
[Black "Ellien, Iwan"]
[Result "1/2-1/2"]
[WhiteElo "1530"]
[BlackElo "1800"]
[PlyCount "115"]
[EventDate "2003.10.25"]
[EventType "swiss"]
[EventRounds "9"]
[EventCountry "FRA"]
[SourceTitle "EXT 2006"]
[Source "ChessBase"]
[SourceDate "2005.11.24"]
[SourceVersion "1"]
[SourceVersionDate "2005.11.24"]
[SourceQuality "1"]

1. e4 c5 2. Nf3 Nc6 3. Nc3 g6 4. Bc4 Bg7 5. d3 d6 6. Be3 Nf6 7. d4 cxd4 8. Nxd4 0-0 9. Nxc6 bxc6 10. f3 Qa5 11. 0-0 Rb8 12. Bb3 Rd8 13. Rb1 d5 14. exd5 cxd5 15. Bd4 Rb4 16. a3 Rxd4 17. Qxd4 Ng4 18. Qb4 Qxb4 19. axb4 Bd4+ 20. Kh1 Nf2+ 21. Rxf2 Bxf2 22. Nxd5 Kf8 23. Rf1 Bd4 24. c3 Bg7 25. Re1 e6 26. Ne3 Rd2 27. Nc4 Rd7 28. h3 Ba6 29. Ba4 Rd8 30. b5 Bb7 31. b6 axb6 32. Nxb6 Rd2 33. Nc4 Rd8 34. Kg1 Ba6 35. Ne3 Rd2 36. Nc2 Bd3 37. Rc1 Bh6 38. b4 Rxg2+ 39. Kxg2 Bxc1 40. Nd4 Bd2 41. Bb5 Bxc3 42. Bxd3 Bxd4 43. b5 e5 44. Kg3 Be3 45. Kg4 Kg7 46. h4 h5+ 47. Kg3 f5 48. Bc2 Kf6 49. Bd3 Ke6 50. Bc4+ Kf6 51. Bd3 g5 52. Bc2 g4 53. Bb1 gxf3 54. Kxf3 Bc5 55. Bc2 e4+ 56. Bxe4 fxe4+ 57. Kxe4 Bf2 58. Kf3 1/2-1/2

[Event "FRA-chT3 01"]
[Site "France"]
[Date "2001.01.14"]
[Round "5"]
[White "Tripoteau, Lucie"]
[Black "Laroche, Celine"]
[Result "1-0"]
[WhiteElo "1280"]
[BlackElo "1199"]
[PlyCount "115"]
[EventDate "2001.??.??"]
[EventType "team"]
[EventRounds "9"]
[EventCountry "FRA"]
[SourceTitle "EXT 2002"]
[Source "ChessBase"]
[SourceDate "2001.11.25"]
[SourceVersion "1"]
[SourceVersionDate "2001.11.25"]
[SourceQuality "1"]
[WhiteTeam "Auray"]
[BlackTeam "Brest"]
[WhiteTeamCountry "FRA"]
[BlackTeamCountry "FRA"]

1. e4 e5 2. Nf3 Nc6 3. Nc3 Nf6 4. Bb5 a6 5. Bxc6 bxc6 6. Nxe5 Bc5 7. 0-0 0-0 8. d3 Qe7 9. Nf3 Ng4 10. d4 Bb4 11. Bg5 f6 12. Bf4 d6 13. Re1 g5 14. Bg3 Re8 15. d5 cxd5 16. exd5 Qd7 17. Rxe8+ Qxe8 18. a3 Bc5 19. Qf1 Bf5 20. h3 Ne5 21. Nxe5 fxe5 22. Rc1 Qg6 23. Qe2 Re8 24. a4 e4 25. Re1 h5 26. h4 g4 27. b3 Qh6 28. a5 e3 29. Rc1 exf2+ 30. Bxf2 Bxf2+ 31. Qxf2 Rc8 32. Na2 Be4 33. Qe2 Qg6 34. Qxa6 Rf8 35. Qc4 Ra8 36. Re1 Bf5 37. Qxc7 Rxa5 38. Qxa5 Bxc2 39. Qd8+ Kf7 40. Qe8+ Kf6 41. Qe6+ Kg7 42. Qc8 Bxb3 43. Nc1 Bxd5 44. Qd7+ Qf7 45. Qxd6 g3 46. Qxg3+ Kf6 47. Rf1+ Ke7 48. Qe3+ Kf8 49. Qd4 Ke7 50. Qa7+ Kf8 51. Na2 Bxa2 52. Rxf7+ Bxf7 53. Kf2 Bd5 54. Ke3 Bxg2 55. Kd4 Bc6 56. Ke5 Ke8 57. Ke6 Bd7+ 58. Qxd7+ 1-0